Music Quiz

Random Music or Clickable Quiz

5-Star Albums Quiz Stats

 Plays Quiz Updated Dec 2, 2012

Challenge
Share
Tweet
Embed
Score 0/50 Timer 06:00
3 Plays Today
% Correct
Thriller
93.6%
Like A Virgin
91%
The Slim Shady LP
88.4%
Bad
86%
The Marshall Mathers LP
85.8%
Born in the U.S.A.
85.7%
Born to Run
85.1%
I Walk the Line
84.6%
Off the Wall
83.5%
Goodbye Yellow Brick Road
81.9%
Purple Rain
81.1%
Space Oddity
80.1%
1999
79.5%
At Folsom Prison
75.8%
Man in Black
75.2%
Erotica
74.1%
Don't Shoot Me I'm Only the Piano Player
72.9%
Dangerous
67.4%
Highway 61 Revisited
64.8%
Relapse
60.8%
Songs in the Key of Life
60.6%
Encore
56.5%
Diamond Dogs
56.4%
True Blue
56.3%
Recovery
55.1%
% Correct
Hunky Dory
55%
Young Americans
54.9%
Blonde On Blonde
54.9%
Let's Dance
54.5%
Innervisions
53.9%
Signed, Sealed & Delivered
53.5%
Sign 'O' the Times
53%
Talking Book
52.9%
The Rising
51.8%
Blood On The Tracks
50.9%
The Ghost of Tom Joad
49.6%
Lovesexy
49.1%
Darkness on the Edge of Town
49%
American V: A Hundred Highways
48%
Invincible
47.7%
Bedtime Stories
46.8%
Music of My Mind
46.8%
Made in England
43.1%
A Single Man
41.9%
Diamonds and Pearls
41.1%
Hard Candy
37%
Orange Blossom Special
30.7%
Time Out Of Mind
29.8%
Desire
28.9%
Empty Sky
27.3%

You're not logged in!

Compare scores with friends on all Sporcle quizzes.
Join for Free
OR
Log In

You Might Also Like...

Show Comments

Extras

Top Quizzes Today


Score Distribution

Your Account Isn't Verified!

In order to create a playlist on Sporcle, you need to verify the email address you used during registration. Go to your Sporcle Settings to finish the process.

Report this User

Report this user for behavior that violates our Community Guidelines.

Details: